Vierer Paare #1 - Statistiken

Allgemein
  • Dieses Quiz wurde 471 mal gespielt
  • Das Durchschnittsergebnis liegt bei 8 aus 10
Antwortstatistiken
Hint Antwort % Korrekt
1,2,3, 4
100%
a,b,c, d
100%
Frühling, Sommer, Herbst, Winter
100%
Irland, England, Schottland, Wales
93%
alpha, beta, gamma, delta
90%
Berlin, Köln, Hamburg, München
83%
Gryffindor, Hufflepuff, Ravenclaw, Slytherin
68%
Matthäus, Markus, Lukas, Johannes
63%
Violine, Viola, Cello Kontrabass
62%
John Lennon, Paul McCartney, George Harrison, Ringo Starr
48%
Keine übereinstimmenden Quizze gefunden
Verteilung der Resultate
Anzahl Personen mit jedem Resultat
Perzentil nach korrekt beantworteten Fragen
Ihre Resultats-Entwicklung
Sie haben dieses Quiz noch nicht gespielt